[Event "Niedersachsen-ch op C"]
[Site "Verden"]
[Date "2018.01.06"]
[Round "5"]
[White "Bruehl, Katharina"]
[Black "Dopmann, Jan"]
[Result "1/2-1/2"]
[WhiteElo "1334"]
[BlackElo "1440"]
[PlyCount "80"]
[EventDate "2018.01.04"]
[EventType "swiss"]
[EventRounds "7"]
[EventCountry "GER"]
[SourceTitle "EXT 2022"]
[Source "ChessBase"]
[SourceDate "2021.10.06"]
[SourceVersion "1"]
[SourceVersionDate "2021.10.06"]
[SourceQuality "1"]

1. e4 e6 2. d4 d5 3. exd5 exd5 4. Nc3 Nf6 5. a3 Be7 6. Bf4 c6 7. Nf3 Bf5 8. Bd3 Bxd3 9. Qxd3 0-0 10. 0-0 Bd6 11. Ne2 Re8 12. Rfe1 Rxe2 13. Rxe2 Bxf4 14. g3 Bd6 15. Rae1 Nbd7 16. Ng5 Nf8 17. c4 dxc4 18. Qxc4 Qd7 19. Ne4 Nxe4 20. Rxe4 Rd8 21. d5 cxd5 22. Qxd5 Ne6 23. Qa5 b6 24. Qf5 g6 25. Qf6 Be7 26. Qc3 Qd2 27. Qb3 Bc5 28. R4e2 Qd5 29. Qc2 Kf8 30. Qc3 Bd4 31. Qb4+ Qc5 32. Qa4 b5 33. Qa5 Qb6 34. Qb4+ Qc5 35. Qb3 Qd5 36. Qc2 Bb6 37. Qc3 Bd4 38. Qb4+ Qc5 39. Qa5 Qb6 40. Qb4+ Qc5 1/2-1/2

[Event "Niedersachsen-ch op C"]
[Site "Verden"]
[Date "2018.01.04"]
[Round "2"]
[White "Dopmann, Jan"]
[Black "Vianden, Ella"]
[Result "1-0"]
[WhiteElo "1440"]
[BlackElo "1107"]
[PlyCount "149"]
[EventDate "2018.01.04"]
[EventType "swiss"]
[EventRounds "7"]
[EventCountry "GER"]
[SourceTitle "EXT 2022"]
[Source "ChessBase"]
[SourceDate "2021.10.06"]
[SourceVersion "1"]
[SourceVersionDate "2021.10.06"]
[SourceQuality "1"]

1. e4 e5 2. Nf3 Nc6 3. d4 d6 4. dxe5 dxe5 5. Qxd8+ Kxd8 6. Bc4 h6 7. Bxf7 Nf6 8. Nbd2 Ke7 9. Bb3 Bd7 10. 0-0 Re8 11. Re1 Kd8 12. Nf1 Nd4 13. Nxd4 exd4 14. Ng3 Bb4 15. Rd1 Nxe4 16. Bd5 Bg4 17. f3 Nxg3 18. hxg3 Bf5 19. c3 Bc2 20. Rd2 dxc3 21. Rxc2 Re1+ 22. Kf2 Rhe8 23. Be4 Rd1 24. Bg5+ hxg5 25. Rxd1+ Kc8 26. bxc3 Bc5+ 27. Ke2 g4 28. Rcd2 Be7 29. Kf1 Bf6 30. Bf5+ Kb8 31. Bxg4 a6 32. c4 Re5 33. Rd5 Re3 34. R1d3 Re8 35. Bh5 Rh8 36. Re3 Rh6 37. Re6 c6 38. Rf5 Kc7 39. Re8 Kd7 40. Re2 Bd4 41. Rd2 Ke6 42. Bg4 Be3 43. Rh5+ Kf6 44. Rxh6+ gxh6 45. Rd3 Ba7 46. Bc8 b5 47. cxb5 axb5 48. Bd7 c5 49. Bxb5 Kg5 50. Bc4 Kg6 51. a4 Bb8 52. Kf2 Bc7 53. Rd5 Bb8 54. a5 Ba7 55. a6 Kf6 56. Rd7 Bb8 57. a7 Bxa7 58. Rxa7 Ke5 59. Rh7 Kd4 60. Ba6 c4 61. Bxc4 Kxc4 62. Rxh6 Kd5 63. Rf6 Ke5 64. Rf8 Ke6 65. g4 Ke7 66. Rf4 Ke6 67. g5 Ke5 68. Ke3 Ke6 69. g6 Ke7 70. g7 Ke6 71. g8Q+ Kd6 72. Rf5 Kc6 73. Qg6+ Kd7 74. Rf7+ Ke8 75. Qg8# 1-0

[Event "Niedersachsen-ch op-C"]
[Site "Verden"]
[Date "2017.01.05"]
[Round "1"]
[White "Dopmann, Jan"]
[Black "Pahl, Erik"]
[Result "0-1"]
[WhiteElo "1596"]
[BlackElo "1741"]
[PlyCount "80"]
[EventDate "2017.01.05"]
[EventType "swiss"]
[EventRounds "7"]
[EventCountry "GER"]
[SourceTitle "CBM 187 Extra"]
[Source "ChessBase"]
[SourceDate "2018.11.04"]
[SourceVersion "1"]
[SourceVersionDate "2018.11.04"]
[SourceQuality "1"]

1. e4 c5 2. Nf3 e6 3. d4 cxd4 4. Nxd4 Nf6 5. Bd3 d6 6. c4 a6 7. 0-0 Qc7 8. Nc3 Nbd7 9. Kh1 b6 10. f4 Bb7 11. b4 Be7 12. Bb2 0-0 13. a3 Rac8 14. Rc1 Qb8 15. Qe2 a5 16. g4 h6 17. g5 hxg5 18. fxg5 Nh7 19. g6 Ng5 20. h4 Bf6 21. Ndb5 fxg6 22. hxg5 Bxg5 23. Rxf8+ Rxf8 24. Rf1 Bf4 25. Qg4 Ne5 26. Qxe6+ Kh8 27. Qh3+ Kg8 28. Qe6+ Kh8 29. Qh3+ Kg8 30. Nd5 Bxd5 31. exd5 Nxd3 32. Qxd3 Qd8 33. Qh3 Rf5 34. Rxf4 Rxf4 35. Qg3 Qf8 36. Kg2 Rxc4 37. Kh3 Qf5+ 38. Kh2 Rg4 39. Qxg4 Qxg4 40. Bd4 Qe2+ 0-1

[Event "Lueneburg distr-ch Haupt"]
[Site "Muenster"]
[Date "2016.10.14"]
[Round "4.3"]
[White "Drezek, Wieslaw"]
[Black "Dopmann, Jan"]
[Result "1/2-1/2"]
[WhiteElo "1606"]
[BlackElo "1363"]
[PlyCount "88"]
[EventDate "2016.10.13"]
[EventType "swiss"]
[EventRounds "7"]
[EventCountry "GER"]
[SourceTitle "EXT 2019"]
[Source "ChessBase"]
[SourceDate "2018.10.10"]
[SourceVersion "1"]
[SourceVersionDate "2018.10.10"]
[SourceQuality "1"]

1. e4 e6 2. d4 d5 3. e5 c5 4. c3 Qb6 5. Nf3 Bd7 6. Bd3 Bb5 7. 0-0 Nc6 8. a3 cxd4 9. cxd4 Nge7 10. b4 Nf5 11. Be3 Be7 12. Nc3 Bxd3 13. Qxd3 0-0 14. Ne2 Rac8 15. Ng3 Nxg3 16. fxg3 a5 17. b5 Na7 18. a4 Bb4 19. Ng5 g6 20. Rac1 Qd8 21. h4 Qd7 22. h5 Rxc1 23. Bxc1 Nc8 24. Qf3 Qe7 25. Nh3 Re8 26. Bg5 Qc7 27. Bf6 Bf8 28. Qg4 Ne7 29. Ng5 Nf5 30. Qh3 Nh6 31. hxg6 hxg6 32. g4 Qc4 33. Nf3 Bg7 34. g5 Nf5 35. g4 Nxd4 36. Bxg7 Kxg7 37. Qh6+ Kg8 38. Nxd4 Qxd4+ 39. Rf2 Qxg4+ 40. Kf1 Qd1+ 41. Kg2 Qh5 42. Qxh5 gxh5 43. Rc2 Re7 44. b6 Kf8 1/2-1/2

[Event "Niedersachsen-ch op-C"]
[Site "Verden"]
[Date "2016.01.06"]
[Round "7"]
[White "Dopmann, Jan"]
[Black "Herting, Malte"]
[Result "1/2-1/2"]
[WhiteElo "1324"]
[BlackElo "1236"]
[PlyCount "91"]
[EventDate "2016.01.03"]
[EventType "swiss"]
[EventRounds "7"]
[EventCountry "GER"]
[SourceTitle "EXT 2018"]
[Source "ChessBase"]
[SourceDate "2017.10.13"]
[SourceVersion "1"]
[SourceVersionDate "2017.10.13"]
[SourceQuality "1"]

1. e4 c5 2. Nf3 e6 3. d4 cxd4 4. Nxd4 Nc6 5. Nb3 Nf6 6. Bd3 d5 7. exd5 exd5 8. 0-0 Be7 9. Re1 0-0 10. Bg5 h6 11. Bh4 Be6 12. N1d2 Nb4 13. Nf3 Bg4 14. c3 Nc6 15. Nbd2 Bd6 16. Qb3 Rb8 17. Bxf6 Qxf6 18. Qxd5 Qd8 19. Qe4 f5 20. Qd5+ Kh8 21. Kh1 Bf4 22. Qc4 Bxd2 23. Nxd2 Qb6 24. Kg1 Qxb2 25. Nb3 Qa3 26. h3 Bh5 27. Qc5 Qa4 28. Bxf5 Qf4 29. Bd7 Be8 30. Bxc6 Bxc6 31. Qe3 Qxe3 32. Rxe3 Rf7 33. Rae1 Rbf8 34. f3 Rd8 35. Nd4 Rc8 36. R3e2 Bd5 37. Rc1 a6 38. Nb3 Rfc7 39. Rec2 Bc4 40. Nd2 Bd3 41. Rb2 Rxc3 42. Rxc3 Rxc3 43. Rxb7 Rc2 44. Nb3 Rxa2 45. Nc5 Bc4 46. Rb4 1/2-1/2